Logo BPK

Biblioteka

Politechniki Koszalińskiej

Logika praktyczna / (Rekord nr 6635)

Szczegóły MARC
000 -ETYKIETA REKORDU
podpole kontrolne o stałej długości 00726nam a2200253 i 4500
001 - NUMER KONTROLNY REKORDU
pole kontrolne bg
015 ## - NUMER BIBLIOGRAFII NARODOWEJ
Numer bibliografii narodowej PB 8109/94
020 ## - MIĘDZYNARODOWY ZNORMALIZOWANY NUMER KSIĄŻKI - ISBN
ISBN 8301115955
040 ## - ŹRÓDŁO KATALOGOWANIA
Instytucja, która utworzyła rekord BPK
041 0# - KOD JĘZYKA
Kod języka tekstu pl
080 ## - UNIWERSALNA KLASYFIKACJA DZIESIĘTNA - UKD
UKD 16(075.8)
920 ## - Międzynarodowy znormalizowany numer książki – ISBN
ISBN 83-01-11595-5
008 - POLE O STAŁEJ DŁUGOŚCI - DANE KONTROLNE
podpole kontrolne o stałej długości s pl f |000 0 pol
100 1# - NAZWA OSOBOWA
Nazwa osobowa ZIEMBIŃSKI, Zygmunt
245 10 - TYTUŁ/ODPOWIEDZIALNOŚĆ
Tytuł Logika praktyczna /
Pozostałe elementy strefy tytułu i oznaczenia odpowiedzialności Zygmunt Ziembiński ; aneks Elementy rachunku predykatów - Kazimierz Świrydowicz.
250 ## - STREFA WYDANIA
Oznaczenie wydania [Wyd. 17] zm.
260 ## - STREFA ADRESU WYDAWNICZEGO
Miejsce wydania Warszawa :
Nazwa wydawcy/dystrybutora Wydaw. Naukowe PWN,
Data publikacji, dystrybucji/powstania dokumentu 1994
Miejsce produkcji (Łódź :
Nazwa producenta DWN).
300 ## - STREFA OPISU FIZYCZNEGO
Objętość 282, [2] s. :
Inne cechy fizyczne wykr. ;
Rozmiary 24 cm.
504 ## - UWAGA DOTYCZĄCA BIBLIOGRAFII
Informacje o bibliografii Indeks.
650 #9 - HASŁO PRZEDMIOTOWE W FORMIE NAZWY OGÓLNEJ LUB JEDNOSTKOWEJ
Nazwa ogólna lub geograficzna Logika
655 ## - TERMIN INDEKSOWY - OKREŚLENIE RODZAJU/FORMY DOKUMENTU
Określenie rodzaju/formy dokumentu Podręczniki akademickie
700 1# - HASŁO DODATKOWE - NAZWA OSOBOWA
Nazwa osobowa ŚWIRYDOWICZ, Kazimierz.
856 ## - LOKALIZACJA I DOSTĘP DO ELEKTRONICZNYCH DOKUMENTÓW ZDALNYCH
Link (URL) http://koha.tu.koszalin.pl/cgi-bin/koha/opac-detail.pl?biblionumber=6635
Tekst linku Katalog online BPK
942 ## - DODATKOWE ELEMENTY (KOHA)
Typ dokumentu Książka
Egzemplarze
Wycofany Status egzemplarza Uszkodzony Dostępność Lokalizacja stała Lokalizacja bieżąca Miejsce przechowywania Sygnatura Kod kreskowy Typ dokumentu
      Dostępny Biblioteka Politechniki Koszalińskiej Biblioteka Politechniki Koszalińskiej Wypożyczalnia BG P 48121 01881882 Książka
      Dostępny Biblioteka Politechniki Koszalińskiej Biblioteka Politechniki Koszalińskiej Wypożyczalnia BG P 48122 02069661 Książka
© 2023 Biblioteka Politechniki Koszalińskiej :: KOHA